La habilidad en el deporte

Uloženo v:
Podrobná bibliografie
Hlavní autor: Knapp, Barbara (Autor)
Médium: Kniha
Jazyk:španělština
Vydáno: Valladolid Miñón 1981
Edice:Colección KINE de educación y ciencia deportiva
Témata:
Tagy: Přidat tag
Žádné tagy, Buďte první, kdo vytvoří štítek k tomuto záznamu!

MARC

LEADER 00000nam a2200000 a 4500
001 UCY9659
003 CL-VaPUC
008 950717e19810000SP |||||||||||||||||spa|d
082 0 4 |a 613.711  |b KNA  |2 21 
100 0 |a Knapp, Barbara  |e author  |9 342146 
245 1 3 |a La habilidad en el deporte 
300 |a 189 p 
942 |c BK 
945 |d 19950717 00:00:00  |a lriquelm 
260 |a Valladolid  |b Miñón  |c 1981 
650 7 |a HABILIDAD  |2 CL-VaPUC  |9 342147 
650 7 |a CAPACIDAD  |2 CL-VaPUC  |9 336048 
650 7 |a DEPORTE  |2 CL-VaPUC  |9 342148 
650 0 |a Aprendizaje   |9 254827 
650 0 |a Motivación   |9 315362 
650 0 |a Educación física  |9 240893 
583 |a last modification  |c 19950717 00:00:00  |k Rodrigo Vera 
490 0 |a Colección KINE de educación y ciencia deportiva 
999 |c 236711  |d 236709 
952 |0 0  |1 0  |4 0  |6 613_711000000000000_KNA_1981  |7 0  |8 P  |9 244975  |a BIBEDU  |b BIBEDU  |c BIBEDU_PB  |d 2019-11-18  |i 1532820  |o 613.711 KNA 1981  |p 1532820  |r 2024-01-25  |w 2019-11-18  |y BK  |k EDU